[Event "FRA-ch Railways-B"]
[Site "Soulac sur Mer"]
[Date "2015.05.26"]
[Round "1"]
[White "Pillault, Franck"]
[Black "Chat, Eric"]
[Result "1/2-1/2"]
[WhiteElo "1933"]
[BlackElo "1640"]
[PlyCount "35"]
[EventDate "2015.05.26"]
[EventType "swiss"]
[EventRounds "7"]
[EventCountry "FRA"]
[SourceTitle "EXT 2016"]
[Source "ChessBase"]
[SourceDate "2015.10.08"]
[SourceVersion "1"]
[SourceVersionDate "2015.10.08"]
[SourceQuality "1"]

1. d4 d5 2. e4 dxe4 3. Nc3 Nf6 4. f3 e3 5. Bxe3 Nbd7 6. Bc4 c6 7. Nh3 Nb6 8. Bb3 Bxh3 9. gxh3 Nbd5 10. Nxd5 cxd5 11. Qe2 g6 12. Bg5 Qa5+ 13. Bd2 Qc7 14. Bxd5 Nxd5 15. Qb5+ Qd7 16. Qxd7+ Kxd7 17. Bg5 Bg7 18. c3 1/2-1/2